| 000 | 00477nam a2200181Ia 4500 | ||
|---|---|---|---|
| 003 | IEPS | ||
| 005 | 20260419103232.0 | ||
| 008 | 250223s9999||||xx |||||||||||||| ||und|| | ||
| 040 |
_CIEPS _cUNIV.ALGER3 IEPS |
||
| 041 | _aara | ||
| 082 | _a150 | ||
| 100 | _aاسعد، ميخائيل | ||
| 245 | 0 | _aالسيكولوجيا المعاصرة | |
| 260 |
_aبيروت _bدار الجيل _c1996 |
||
| 300 |
_a456 ص. _c24 سم. |
||
| 653 | _aعلم النفس | ||
| 942 | _cكتاب | ||
| 999 |
_c11245 _d11245 |
||